| 000 | 00480nam a2200181Ia 4500 | ||
|---|---|---|---|
| 003 | OSt | ||
| 005 | 20260129092800.0 | ||
| 008 | 210210b1944 xxu||||| |||| 00| 0 eng d | ||
| 040 | _cAL | ||
| 041 | _aKannada | ||
| 082 | _a853/427 | ||
| 100 |
_aVENKATARAV (B S) _9161896 _dವೆಂಕಟರಾವ್ (ಬಿ.ಎಸ್.) |
||
| 245 |
_aOlasanchu: _bಒಳಸಂಚು |
||
| 260 |
_aBengaluru _b- _c1944 |
||
| 690 |
_aKannada Drama _9161897 |
||
| 906 | _a019702 | ||
| 942 |
_2ddc _cBK |
||
| 999 |
_c143843 _d143843 |
||